000 00567nam a2200217Ia 4500
005 20250505124932.0
008 008 250505s9999 xx 000 0 eng d
037 _aTextbook
040 _aLCO
_beng
_cLCO
041 _aeng
_2eng
084 _aY15:45 Q8
_qLCO
100 _aRao, Mamta
245 0 _aLaw Relating to Women and Children
_c Mamta Rao
250 _a4th
260 _aLucknow, India
_bEastern Book Company
_c2018
300 _a670
365 _aINR
_b815
650 _aLaw
942 _cTB
_hY15:45 Q8
999 _c1310743
_d1310743